[Event "FBL S"]
[Site "?"]
[Date "2019.01.12"]
[Round "6.6"]
[White "Ramm, Madlen"]
[Black "Umpfenbach, Carolin"]
[Result "1/2-1/2"]
[WhiteElo "1717"]
[BlackElo "2091"]
[PlyCount "84"]
[EventDate "2018.10.27"]
[EventType "team-tourn"]
[EventCountry "GER"]
[WhiteTeam "Wadgassen SF"]
[BlackTeam "Erfurt SV Medizin"]
[WhiteTeamCountry "GER"]
[BlackTeamCountry "GER"]

1. e4 e6 2. d4 d5 3. Nc3 dxe4 4. Nxe4 Nf6 5. Nxf6+ Qxf6 6. Nf3 h6 7. Bd3 Bd6 8.
Bd2 Nc6 9. Bc3 Bb4 10. Bxb4 Nxb4 11. Be4 O-O 12. O-O Rd8 13. c3 Nd5 14. Qc2 Qf4
15. Ne5 c5 16. Rad1 cxd4 17. cxd4 Qf6 18. Bxd5 Rxd5 19. Rd3 Qd8 20. Rfd1 Bd7
21. Rf3 Be8 22. Qe4 Rc8 23. Rc3 Rc7 24. Rxc7 Qxc7 25. Qe3 Qd8 26. Nf3 Qd6 27.
Rc1 Bc6 28. h3 Qb4 29. b3 Rd8 30. Rc4 Qd6 31. Qe5 Qd7 32. Qe3 Bd5 33. Rc1 b6
34. Ne5 Qb7 35. Qg3 f6 36. Ng4 Rc8 37. Rxc8+ Qxc8 38. Nxf6+ Kh8 39. Nxd5 exd5
40. Qe3 Qd7 41. Qe5 Qc6 42. Qe3 Qd7 1/2-1/2

[Event "FBL S"]
[Site "?"]
[Date "2019.01.12"]
[Round "6.2"]
[White "Hund, Sarah"]
[Black "Li, Zhuoling"]
[Result "1/2-1/2"]
[WhiteElo "2056"]
[BlackElo "2076"]
[PlyCount "82"]
[EventDate "2018.10.27"]
[EventType "team-tourn"]
[EventCountry "GER"]
[WhiteTeam "Freiburg SK Zaehringen"]
[BlackTeam "Stuttgart SV Wolfbusch"]
[WhiteTeamCountry "GER"]
[BlackTeamCountry "GER"]

1. e4 c5 2. Nc3 Nc6 3. f4 e6 4. Nf3 d5 5. Bb5 Nge7 6. exd5 Nxd5 7. Ne5 Bd7 8.
Bxc6 Bxc6 9. Nxc6 bxc6 10. O-O Bd6 11. Ne4 O-O 12. d3 g6 13. c4 Ne7 14. Qf3 Nf5
15. Qh3 Be7 16. Kh1 Nd4 17. b3 f5 18. Nf2 Bf6 19. Bb2 Qd6 20. Rae1 a5 21. Qe3
Rfe8 22. Rb1 a4 23. Nh3 axb3 24. axb3 Rab8 25. Bc3 Bg7 26. Bxd4 Bxd4 27. Qd2
Rb7 28. Ng5 Bf6 29. Nf3 Reb8 30. Ne5 Bxe5 31. fxe5 Qxe5 32. Rbe1 Qd6 33. Qe3
Rxb3 34. Qxe6+ Qxe6 35. Rxe6 Rc8 36. Rd6 Kf7 37. Re1 Re8 38. Rd7+ Kf8 39. Ra1
Re7 40. Rd6 Re3 41. Rxc6 Rbxd3 1/2-1/2

[Event "FBL S"]
[Site "?"]
[Date "2019.01.12"]
[Round "6.3"]
[White "Siegl, Melina"]
[Black "Hund, Isabel"]
[Result "1-0"]
[WhiteElo "2012"]
[BlackElo "2037"]
[PlyCount "67"]
[EventDate "2018.10.27"]
[EventType "team-tourn"]
[EventCountry "GER"]
[WhiteTeam "Stuttgart SV Wolfbusch"]
[BlackTeam "Freiburg SK Zaehringen"]
[WhiteTeamCountry "GER"]
[BlackTeamCountry "GER"]

1. e4 e5 2. Bc4 Nf6 3. d3 Bc5 4. Nf3 d6 5. c3 Bb6 6. h3 Be6 7. Bb3 Nbd7 8. Bc2
d5 9. Qe2 dxe4 10. dxe4 c6 11. Nbd2 Qc7 12. Ng5 Nf8 13. Nxe6 Nxe6 14. Nc4 Bc5
15. g3 Rd8 16. a4 O-O 17. a5 b5 18. axb6 axb6 19. b4 Be7 20. Be3 c5 21. b5 Ra8
22. O-O Rxa1 23. Rxa1 Rb8 24. Qf1 Ne8 25. f4 exf4 26. gxf4 Nd6 27. Ne5 Bf6 28.
Nc6 Bxc3 29. Ra7 Rb7 30. Ra8+ Nf8 31. Qd3 Bd4 32. Bxd4 cxd4 33. e5 Nc8 34. Qf5
1-0

[Event "FBL S"]
[Site "?"]
[Date "2019.01.12"]
[Round "6.4"]
[White "Frank, Tena"]
[Black "Leser, Katrin"]
[Result "1-0"]
[WhiteElo "1943"]
[BlackElo "2006"]
[PlyCount "71"]
[EventDate "2018.10.27"]
[EventType "team-tourn"]
[EventCountry "GER"]
[WhiteTeam "Freiburg SK Zaehringen"]
[BlackTeam "Stuttgart SV Wolfbusch"]
[WhiteTeamCountry "GER"]
[BlackTeamCountry "GER"]

1. d4 Nf6 2. c4 e6 3. Nc3 d5 4. cxd5 exd5 5. Bg5 Be7 6. Qc2 c6 7. e3 Nbd7 8.
Bd3 Nh5 9. Bxe7 Qxe7 10. Nge2 g6 11. O-O-O Nb6 12. Rhe1 Ng7 13. Ng3 Be6 14. Kb1
O-O-O 15. Na4 Nxa4 16. Qxa4 Kb8 17. Rc1 h5 18. Rc3 h4 19. Ne2 Bf5 20. Rec1
Bxd3+ 21. Rxd3 Qe4 22. Rcc3 Qxg2 23. Ra3 Qh1+ 24. Rd1 Qxh2 25. Qxa7+ Kc8 26.
Nf4 Nf5 27. Rc1 g5 28. Qa8+ Kc7 29. Nxd5+ Rxd5 30. Qxh8 Qxf2 31. e4 Rb5 32. d5
Nd4 33. b3 Qf4 34. Qxd4 h3 35. dxc6 bxc6 36. Ra7+ 1-0

[Event "FBL S"]
[Site "?"]
[Date "2019.01.12"]
[Round "6.5"]
[White "Klotz, Sonja"]
[Black "Lohrmann, Tabea"]
[Result "1-0"]
[WhiteElo "1966"]
[BlackElo "1557"]
[PlyCount "43"]
[EventDate "2018.10.27"]
[EventType "team-tourn"]
[EventCountry "GER"]
[WhiteTeam "Stuttgart SV Wolfbusch"]
[BlackTeam "Freiburg SK Zaehringen"]
[WhiteTeamCountry "GER"]
[BlackTeamCountry "GER"]

1. e4 e5 2. Nf3 Nc6 3. Bb5 a6 4. Ba4 Nf6 5. O-O Be7 6. Re1 b5 7. Bb3 O-O 8. h3
Bb7 9. d3 h6 10. c3 d6 11. Nbd2 Re8 12. Nf1 Bf8 13. Ng3 Qd7 14. Nh4 d5 15. Qf3
dxe4 16. dxe4 Be7 17. Ngf5 Bf8 18. Nxh6+ gxh6 19. Qxf6 Bg7 20. Qg6 Qe7 21. Nf5
Qf6 22. Bxf7+ 1-0

[Event "FBL S"]
[Site "?"]
[Date "2019.01.12"]
[Round "6.2"]
[White "Horther Schneider, Elsbeth"]
[Black "Gerlach Buedinger, Manuela"]
[Result "1/2-1/2"]
[WhiteElo "1864"]
[BlackElo "2061"]
[PlyCount "78"]
[EventDate "2018.10.27"]
[EventType "team-tourn"]
[EventCountry "GER"]
[WhiteTeam "Regensburg SC Bavaria"]
[BlackTeam "Mainz TSV Schott"]
[WhiteTeamCountry "GER"]
[BlackTeamCountry "GER"]

1. e4 g6 2. d4 Bg7 3. Nf3 d6 4. Bc4 c6 5. c3 Nf6 6. e5 Nd5 7. O-O O-O 8. Re1
Qc7 9. Bxd5 cxd5 10. Bf4 dxe5 11. Nxe5 Qb6 12. Qd2 Re8 13. Na3 Nd7 14. Nc2 Nf6
15. f3 Be6 16. Nb4 Nd7 17. Nbd3 Nxe5 18. Nxe5 Rac8 19. Re2 Qa6 20. Nd3 b6 21.
a3 Bf5 22. Rd1 Bxd3 23. Qxd3 Qxd3 24. Rxd3 b5 25. h3 a5 26. Rd1 Rc4 27. Bd6 e6
28. Rd3 Bf8 29. Bxf8 Kxf8 30. Kf2 Rec8 31. Ke3 b4 32. cxb4 axb4 33. b3 R4c6 34.
axb4 Rb6 35. Rb2 Rxb4 36. Kd2 Ke7 37. Rc2 Rcb8 38. Rc7+ Kf6 39. Rcc3 Ke7
1/2-1/2

[Event "FBL S"]
[Site "?"]
[Date "2019.01.12"]
[Round "6.3"]
[White "Krasnopeyeva, Julia"]
[Black "Blanter, Sofya"]
[Result "0-1"]
[WhiteElo "1913"]
[BlackElo "1773"]
[PlyCount "48"]
[EventDate "2018.10.27"]
[EventType "team-tourn"]
[EventCountry "GER"]
[WhiteTeam "Mainz TSV Schott"]
[BlackTeam "Regensburg SC Bavaria"]
[WhiteTeamCountry "GER"]
[BlackTeamCountry "GER"]

1. e4 c6 2. d4 d5 3. exd5 cxd5 4. c4 e6 5. Nc3 Nf6 6. Nf3 Nc6 7. c5 Be7 8. a3
O-O 9. Bd3 Qc7 10. Nb5 Qb8 11. Bg5 e5 12. dxe5 Nxe5 13. O-O Nfg4 14. Nxe5 Qxe5
15. f4 Qe3+ 16. Kh1 Bxc5 17. Qf3 Nf2+ 18. Rxf2 Qxf2 19. Qxd5 Re8 20. Be4 Qxb2
21. Re1 Qxb5 22. Rc1 Bd7 23. Bd3 Bc6 24. Qf5 g6 0-1

[Event "FBL S"]
[Site "?"]
[Date "2019.01.12"]
[Round "6.4"]
[White "Pavlov, Liliane"]
[Black "Kalina, Lena"]
[Result "1-0"]
[WhiteElo "1728"]
[BlackElo "1449"]
[PlyCount "115"]
[EventDate "2018.10.27"]
[EventType "team-tourn"]
[EventCountry "GER"]
[WhiteTeam "Regensburg SC Bavaria"]
[BlackTeam "Mainz TSV Schott"]
[WhiteTeamCountry "GER"]
[BlackTeamCountry "GER"]

1. d4 Nf6 2. Nc3 d5 3. Bg5 Nc6 4. e3 a6 5. a3 g6 6. Bd3 Bg7 7. f4 Bg4 8. Nf3
Qd7 9. h3 Bxf3 10. Qxf3 e6 11. g4 h5 12. O-O-O O-O-O 13. Rhg1 Rdf8 14. f5 hxg4
15. hxg4 gxf5 16. gxf5 Kb8 17. fxe6 fxe6 18. Qe2 Bh6 19. Bxh6 Rxh6 20. Rdf1
Rfh8 21. Bg6 Qe7 22. Qf3 Nd7 23. Qf7 Rf8 24. Qxe7 Rxf1+ 25. Rxf1 Nxe7 26. Bd3
Nc6 27. Nd1 Nb6 28. b3 e5 29. c3 exd4 30. exd4 Na5 31. Kb2 Rh2+ 32. Rf2 Rh3 33.
Bc2 Nc8 34. Rf8 Nc6 35. Rxc8+ Kxc8 36. Bf5+ Kd8 37. Bxh3 Ke7 38. Ne3 Kd6 39.
Bg2 Ne7 40. c4 c6 41. cxd5 cxd5 42. Kc3 b6 43. b4 b5 44. Nxd5 Nxd5+ 45. Bxd5
Kxd5 46. Kd3 Kd6 47. Ke4 Ke6 48. d5+ Kd7 49. Ke5 Ke7 50. d6+ Kd7 51. Kd5 Kd8
52. Kc6 Kc8 53. d7+ Kd8 54. Kd6 a5 55. bxa5 b4 56. a6 bxa3 57. a7 a2 58. a8=Q#
1-0

[Event "FBL S"]
[Site "?"]
[Date "2019.01.12"]
[Round "6.6"]
[White "Hofmann, Karina"]
[Black "Zemke, Christine"]
[Result "1-0"]
[WhiteElo "1678"]
[BlackElo "1705"]
[PlyCount "69"]
[EventDate "2018.10.27"]
[EventType "team-tourn"]
[EventCountry "GER"]
[WhiteTeam "Regensburg SC Bavaria"]
[BlackTeam "Mainz TSV Schott"]
[WhiteTeamCountry "GER"]
[BlackTeamCountry "GER"]

1. f4 d5 2. e3 Nf6 3. b3 d4 4. Bb5+ c6 5. Bd3 dxe3 6. dxe3 Qb6 7. Qe2 g6 8. Bb2
Bg7 9. Nd2 O-O 10. O-O-O Nd5 11. Nc4 Bxb2+ 12. Kxb2 Qc5 13. Be4 b5 14. Bxd5
cxd5 15. Ne5 Bf5 16. Ngf3 b4 17. Qd2 e6 18. Nd4 Be4 19. Rhg1 a5 20. g4 a4 21.
f5 axb3 22. axb3 Qd6 23. Nd3 e5 24. Nb5 Qf6 25. fxg6 Bxg6 26. Nxb4 e4+ 27. Nd4
Rd8 28. Rdf1 Qe5 29. h4 f6 30. h5 Bf7 31. g5 Bxh5 32. gxf6+ Bg6 33. Rf5 Qc7 34.
f7+ Kf8 35. Rxd5 1-0

[Event "FBL S"]
[Site "?"]
[Date "2019.01.13"]
[Round "7.2"]
[White "Krasnopeyeva, Julia"]
[Black "Horvath, Maria"]
[Result "1-0"]
[WhiteElo "1913"]
[BlackElo "1985"]
[PlyCount "73"]
[EventDate "2018.10.27"]
[EventType "team-tourn"]
[EventCountry "GER"]
[WhiteTeam "Mainz TSV Schott"]
[BlackTeam "Augsburg SG"]
[WhiteTeamCountry "GER"]
[BlackTeamCountry "GER"]

1. e4 c5 2. Nf3 Nc6 3. d4 cxd4 4. Nxd4 Qc7 5. Nc3 e6 6. Be3 a6 7. Be2 Nf6 8.
O-O Bb4 9. f3 O-O 10. Nb3 Bxc3 11. bxc3 d5 12. Bd3 h6 13. Nd4 Na5 14. Qe1 e5
15. Nf5 Bxf5 16. exf5 Rac8 17. Qh4 e4 18. fxe4 dxe4 19. Bxh6 exd3 20. Bxg7 Qb6+
21. Kh1 Kxg7 22. Qg5+ Kh8 23. Qh6+ Kg8 24. Rf3 Qd6 25. Qg5+ Kh8 26. Rh3+ Nh7
27. Qh5 Kg7 28. Qxh7+ Kf6 29. Rh6+ Ke7 30. Re1+ Kd7 31. Rxd6+ Kxd6 32. Qh6+ Kc7
33. Qf4+ Kd7 34. Qd4+ Kc6 35. cxd3 b5 36. Qf6+ Kb7 37. Re7+ 1-0

[Event "FBL S"]
[Site "?"]
[Date "2019.01.13"]
[Round "7.4"]
[White "Kalina, Lena"]
[Black "Braun, Kristin"]
[Result "0-1"]
[WhiteElo "1449"]
[BlackElo "1908"]
[PlyCount "136"]
[EventDate "2018.10.27"]
[EventType "team-tourn"]
[EventCountry "GER"]
[WhiteTeam "Mainz TSV Schott"]
[BlackTeam "Augsburg SG"]
[WhiteTeamCountry "GER"]
[BlackTeamCountry "GER"]

1. d4 Nf6 2. c4 g6 3. Nf3 Bg7 4. g3 O-O 5. Bg2 d6 6. Nc3 Nbd7 7. O-O e5 8. e3
Nh5 9. Qc2 f5 10. Ne2 e4 11. Nd2 Qe7 12. Nb1 b6 13. Nbc3 Ndf6 14. b3 Bb7 15.
Ba3 a6 16. Rac1 Rac8 17. Rfd1 c5 18. Qd2 Rfd8 19. Qe1 Bh6 20. Nf4 Nxf4 21. exf4
Re8 22. Qe3 Ng4 23. Qe2 e3 24. f3 Nf2 25. Re1 cxd4 26. Nd1 d3 27. Qxe3 Qxe3 28.
Rxe3 d2 29. Rxe8+ Rxe8 30. Kxf2 dxc1=Q 31. Bxc1 Bg7 32. Bb2 d5 33. Bxg7 Kxg7
34. cxd5 Bxd5 35. Ne3 Bc6 36. Nc4 Bb5 37. Bf1 Bxc4 38. Bxc4 b5 39. Bd3 Rc8 40.
Ke2 Rc1 41. a4 bxa4 42. bxa4 a5 43. h4 Rg1 44. Kf2 Ra1 45. Bb5 Ra2+ 46. Kf1 Kf6
47. Kg1 Ke7 48. g4 fxg4 49. fxg4 Rb2 50. f5 gxf5 51. gxf5 Kf6 52. Bd7 h6 53.
Bc8 Rb4 54. Bd7 Rxh4 55. Kg2 Rd4 56. Bb5 Kxf5 57. Kf3 h5 58. Ke3 Rb4 59. Bd7+
Kg5 60. Kf3 h4 61. Kg2 Rb3 62. Kh2 Rd3 63. Bb5 Rd4 64. Kh3 Kf6 65. Bc6 Ke5 66.
Bb5 Kd6 67. Be8 Kc5 68. Bb5 Kb4 0-1

[Event "FBL S"]
[Site "?"]
[Date "2019.01.13"]
[Round "7.6"]
[White "Zemke, Christine"]
[Black "Muench, Ursula"]
[Result "1/2-1/2"]
[WhiteElo "1705"]
[BlackElo "1786"]
[PlyCount "23"]
[EventDate "2018.10.27"]
[EventType "team-tourn"]
[EventCountry "GER"]
[WhiteTeam "Mainz TSV Schott"]
[BlackTeam "Augsburg SG"]
[WhiteTeamCountry "GER"]
[BlackTeamCountry "GER"]

1. d4 Nf6 2. e3 g6 3. Bd3 Bg7 4. c3 O-O 5. e4 d6 6. f3 e5 7. dxe5 dxe5 8. Bg5
c6 9. Qe2 Be6 10. Na3 Nbd7 11. Bc4 Bxc4 12. Nxc4 1/2-1/2

[Event "FBL S"]
[Site "?"]
[Date "2019.01.13"]
[Round "7.1"]
[White "Hund, Barbara"]
[Black "Juhasz, Barbara"]
[Result "1/2-1/2"]
[WhiteElo "2125"]
[BlackElo "2182"]
[PlyCount "36"]
[EventDate "2018.10.27"]
[EventType "team-tourn"]
[EventCountry "GER"]
[WhiteTeam "Freiburg SK Zaehringen"]
[BlackTeam "Erfurt SV Medizin"]
[WhiteTeamCountry "GER"]
[BlackTeamCountry "GER"]

1. e4 c5 2. Nc3 Nc6 3. f4 g6 4. Nf3 Bg7 5. Bb5 Nd4 6. a4 a6 7. Bd3 d6 8. Nxd4
cxd4 9. Ne2 Nf6 10. b3 O-O 11. Bb2 e5 12. O-O Qc7 13. Qe1 Qc6 14. fxe5 dxe5 15.
Qh4 Ng4 16. Ba3 Re8 17. Be7 Qc7 18. Bb4 Qb6 1/2-1/2

[Event "FBL S"]
[Site "?"]
[Date "2019.01.13"]
[Round "7.2"]
[White "Troyke, Doreen"]
[Black "Hund, Sarah"]
[Result "1-0"]
[WhiteElo "2065"]
[BlackElo "2056"]
[PlyCount "119"]
[EventDate "2018.10.27"]
[EventType "team-tourn"]
[EventCountry "GER"]
[WhiteTeam "Erfurt SV Medizin"]
[BlackTeam "Freiburg SK Zaehringen"]
[WhiteTeamCountry "GER"]
[BlackTeamCountry "GER"]

1. c4 e5 2. g3 Nc6 3. Bg2 Bc5 4. Nc3 a6 5. e3 d6 6. Nge2 Ba7 7. b3 Nf6 8. Bb2
Bf5 9. d3 Nb4 10. Nc1 Qc8 11. a3 Nc6 12. h3 O-O 13. N1e2 Re8 14. Qc2 Rb8 15.
Rc1 Na5 16. Nd5 Nd7 17. b4 Nc6 18. O-O Nd8 19. Kh2 c6 20. Ndc3 Nf6 21. Qd2 Ne6
22. Ne4 Qd8 23. Nxf6+ Qxf6 24. g4 Bg6 25. f4 Bxe3 26. Qxe3 exf4 27. Qd2 Qg5 28.
Nd4 f3 29. Qxg5 Nxg5 30. Nxf3 Nxf3+ 31. Rxf3 Re2 32. Bd4 Rbe8 33. Kg3 Ra2 34.
Rc3 Ree2 35. Rf2 h5 36. Rxe2 Rxe2 37. gxh5 Bxh5 38. Bf3 Bxf3 39. Kxf3 Rh2 40.
Kg3 Ra2 41. Be3 Kf8 42. Bf4 Ke7 43. d4 Kd7 44. Kg4 Rg2+ 45. Kf5 Rf2 46. Rg3 g6+
47. Ke4 d5+ 48. cxd5 cxd5+ 49. Ke3 Ra2 50. h4 Rxa3+ 51. Ke2 Ra2+ 52. Bd2 b6 53.
Rf3 Ke6 54. Rc3 Kd7 55. Kd3 Ra1 56. Rc1 Ra3+ 57. Bc3 Ra2 58. Ra1 Rxa1 59. Bxa1
a5 60. Bc3 1-0

[Event "FBL S"]
[Site "?"]
[Date "2019.01.13"]
[Round "7.3"]
[White "Hund, Isabel"]
[Black "Nguyen, Ha Thanh"]
[Result "1/2-1/2"]
[WhiteElo "2037"]
[BlackElo "1881"]
[PlyCount "73"]
[EventDate "2018.10.27"]
[EventType "team-tourn"]
[EventCountry "GER"]
[WhiteTeam "Freiburg SK Zaehringen"]
[BlackTeam "Erfurt SV Medizin"]
[WhiteTeamCountry "GER"]
[BlackTeamCountry "GER"]

1. e4 c5 2. Nc3 Nc6 3. g3 g6 4. Bg2 Bg7 5. d3 d6 6. Be3 Rb8 7. a4 a6 8. Qd2 Nd4
9. h3 Qa5 10. Bxd4 Bxd4 11. Nd1 Qc7 12. c3 Bg7 13. Ne3 e6 14. Ne2 Ne7 15. O-O
O-O 16. d4 Bd7 17. d5 Rbd8 18. Rfd1 Bc8 19. c4 e5 20. g4 Bh6 21. Ng3 f5 22.
exf5 gxf5 23. Ngxf5 Nxf5 24. gxf5 Bxf5 25. Qe2 Bc8 26. Qh5 Bf4 27. Be4 Qf7 28.
Qxf7+ Rxf7 29. Bg2 Rg7 30. Kf1 Rf8 31. Rd3 Kh8 32. Be4 Bxh3+ 33. Ke2 Bd7 34. b3
Rgf7 35. Rh1 Bg5 36. f3 Rg7 37. Rdd1 1/2-1/2

[Event "FBL S"]
[Site "?"]
[Date "2019.01.13"]
[Round "7.4"]
[White "Mueller Ludwig, Kristin"]
[Black "Frank, Tena"]
[Result "1-0"]
[WhiteElo "2034"]
[BlackElo "1943"]
[Annotator "Rondio,Thomas"]
[PlyCount "45"]
[EventDate "2018.10.27"]
[EventType "team-tourn"]
[EventCountry "GER"]
[WhiteTeam "Erfurt SV Medizin"]
[BlackTeam "Freiburg SK Zaehringen"]
[WhiteTeamCountry "GER"]
[BlackTeamCountry "GER"]

{[%evp 0,45,13,18,100,77,70,40,46,31,52,13,50,-7,-7,17,15,-30,-10,-2,8,1,6,10,
10,12,12,-16,-6,-2,-2,1,22,-24,38,35,46,40,75,75,71,70,101,84,64,61,103,129]} 
1. e4 c5 2. Nf3 e6 3. d4 cxd4 4. Nxd4 Nc6 5. Nb5 d6 6. c4 Nf6 7. N1c3 a6 8. Na3
Be7 9. Be2 O-O 10. O-O b6 11. Be3 Bb7 12. f3 Rc8 13. Rc1 Qc7 14. Qd2 Ne5 15.
Rfd1 h5 16. Na4 Ned7 17. b4 Qb8 18. Bf4 e5 19. Be3 h4 20. Bf1 Nh7 21. Nb1 f5
22. exf5 h3 23. Nbc3 $138 1-0

[Event "FBL S"]
[Site "?"]
[Date "2019.01.13"]
[Round "7.5"]
[White "Lohrmann, Tabea"]
[Black "Reuter, Elisa"]
[Result "0-1"]
[WhiteElo "1557"]
[BlackElo "1910"]
[PlyCount "48"]
[EventDate "2018.10.27"]
[EventType "team-tourn"]
[EventCountry "GER"]
[WhiteTeam "Freiburg SK Zaehringen"]
[BlackTeam "Erfurt SV Medizin"]
[WhiteTeamCountry "GER"]
[BlackTeamCountry "GER"]

1. e4 c5 2. Nf3 Nc6 3. d4 cxd4 4. Nxd4 g6 5. Nc3 Bg7 6. Be3 Nf6 7. f3 O-O 8.
Qd2 d5 9. O-O-O Nxd4 10. Bxd4 dxe4 11. fxe4 Be6 12. a3 a6 13. Be2 b5 14. Kb1
Qc7 15. Bf3 Rac8 16. h3 Rfd8 17. Qf2 Qc4 18. Rd2 Nxe4 19. Bxe4 Bxd4 20. Rxd4
Qxd4 21. Qf3 Rxc3 22. bxc3 Qc4 23. Bd3 Qa2+ 24. Kc1 Qa1+ 0-1

[Event "FBL S"]
[Site "?"]
[Date "2019.01.13"]
[Round "7.1"]
[White "Palkova, Katerina"]
[Black "Afraoui, Anaelle"]
[Result "1/2-1/2"]
[WhiteElo "2028"]
[BlackElo "2016"]
[PlyCount "116"]
[EventDate "2018.10.27"]
[EventType "team-tourn"]
[EventCountry "GER"]
[WhiteTeam "Regensburg SC Bavaria"]
[BlackTeam "Langen SK"]
[WhiteTeamCountry "GER"]
[BlackTeamCountry "GER"]

1. e4 c5 2. Nf3 Nc6 3. c3 Nf6 4. d3 e6 5. Be2 Be7 6. O-O O-O 7. h3 Qc7 8. Be3
d5 9. Nbd2 Rd8 10. Qc2 b6 11. Bg5 Ba6 12. Rfe1 Nh5 13. Bxe7 Nxe7 14. Bf1 dxe4
15. dxe4 Bb7 16. Nc4 Ng6 17. Rad1 Nf6 18. Ncd2 Bc6 19. Re3 Qb7 20. Rde1 Rd7 21.
Nc4 Rad8 22. a4 Qc7 23. b3 Rb8 24. Na3 Ne5 25. Nxe5 Qxe5 26. Nc4 Qc7 27. e5 Nd5
28. Rg3 Nf4 29. Qc1 Ng6 30. Qg5 Qd8 31. Qe3 Qf8 32. Nd6 Rbd8 33. f4 f6 34. Nc4
Bd5 35. Bd3 f5 36. Bf1 Ne7 37. Qf2 Bxc4 38. Bxc4 Qf7 39. Rge3 Nd5 40. Rd3 Nc7
41. Red1 Rxd3 42. Rxd3 Rxd3 43. Bxd3 Qd7 44. Bc4 a6 45. Qc2 b5 46. axb5 axb5
47. Be2 b4 48. cxb4 Qd4+ 49. Kh1 Qxb4 50. Bc4 Qe1+ 51. Kh2 g6 52. Qd3 Qh4 53.
g3 Qe7 54. Qd6 Kf7 55. Qc6 Ne8 56. Kg2 Ng7 57. Kf3 h6 58. h4 Nh5 1/2-1/2

[Event "FBL S"]
[Site "?"]
[Date "2019.01.13"]
[Round "7.2"]
[White "Flach, Helene"]
[Black "Horther Schneider, Elsbeth"]
[Result "1-0"]
[WhiteElo "1809"]
[BlackElo "1864"]
[PlyCount "115"]
[EventDate "2018.10.27"]
[EventType "team-tourn"]
[EventCountry "GER"]
[WhiteTeam "Langen SK"]
[BlackTeam "Regensburg SC Bavaria"]
[WhiteTeamCountry "GER"]
[BlackTeamCountry "GER"]

1. e4 e6 2. d4 d5 3. Nd2 c5 4. exd5 exd5 5. Ngf3 Nf6 6. Bb5+ Nc6 7. O-O Be7 8.
dxc5 O-O 9. Nb3 Ne4 10. Be3 Bg4 11. Be2 Rc8 12. c3 Re8 13. Nfd4 Bxe2 14. Nxe2
Ne5 15. Nf4 Nf6 16. Re1 Nc4 17. Nd3 Nxe3 18. Rxe3 Ne4 19. Re2 Nxc5 20. Ndxc5
Bxc5 21. Rxe8+ Qxe8 22. Qxd5 Qe7 23. Rd1 Re8 24. g3 Bb6 25. Qf3 h6 26. Nd4 Rd8
27. Nf5 Rxd1+ 28. Qxd1 Qe4 29. Nd4 Qd5 30. b3 Qe5 31. Qc2 Qd5 32. Qf5 Qd8 33.
Qe4 Qd7 34. Qe5 Qd8 35. Nf5 f6 36. Qe6+ Kf8 37. Qd6+ Qxd6 38. Nxd6 Bc7 39. Nxb7
Ke7 40. Nc5 Kd6 41. Nd3 Kd5 42. Kf1 Ba5 43. b4 Bc7 44. Ke2 Kc4 45. Kd2 Bb6 46.
Nb2+ Kd5 47. c4+ Kc6 48. c5 Bc7 49. Nd3 a5 50. a3 Kb5 51. Kc3 Bd8 52. Kb3 axb4
53. axb4 Bc7 54. Kc3 f5 55. Kd4 Kc6 56. Kc4 Bd8 57. b5+ Kb7 58. b6 1-0

[Event "FBL S"]
[Site "?"]
[Date "2019.01.13"]
[Round "7.3"]
[White "Blanter, Sofya"]
[Black "Ehmann, Johanna"]
[Result "1/2-1/2"]
[WhiteElo "1773"]
[BlackElo "1901"]
[PlyCount "85"]
[EventDate "2018.10.27"]
[EventType "team-tourn"]
[EventCountry "GER"]
[WhiteTeam "Regensburg SC Bavaria"]
[BlackTeam "Langen SK"]
[WhiteTeamCountry "GER"]
[BlackTeamCountry "GER"]

1. d4 d5 2. c4 e6 3. Nf3 c5 4. Bf4 Nf6 5. h3 Nc6 6. e3 Bd6 7. Bxd6 Qxd6 8. Nc3
O-O 9. cxd5 exd5 10. dxc5 Qxc5 11. Rc1 Rd8 12. Bd3 d4 13. exd4 Nxd4 14. O-O
Nxf3+ 15. Qxf3 Qb4 16. Rc2 Bd7 17. Ne4 Nxe4 18. Bxe4 Be6 19. b3 Rd7 20. Rfc1
Re7 21. Qf4 Ree8 22. Rc7 Rab8 23. Qf3 Rbc8 24. Qf4 Rxc7 25. Rxc7 Qa5 26. Rxb7
Qxa2 27. Rb8 Qa1+ 28. Kh2 Bd7 29. Bd5 Qf6 30. Qxf6 gxf6 31. Rxe8+ Bxe8 32. b4
Kf8 33. Kg3 Ke7 34. Kf4 Kd6 35. Ke4 Bc6 36. Bxc6 Kxc6 37. Kd4 Kb5 38. Kc3 a6
39. g4 Kb6 40. Kc4 Kc6 41. h4 Kb6 42. g5 f5 43. f4 1/2-1/2

[Event "FBL S"]
[Site "?"]
[Date "2019.01.13"]
[Round "7.4"]
[White "Liez, Franziska"]
[Black "Pavlov, Liliane"]
[Result "1-0"]
[WhiteElo "1819"]
[BlackElo "1728"]
[PlyCount "133"]
[EventDate "2018.10.27"]
[EventType "team-tourn"]
[EventCountry "GER"]
[WhiteTeam "Langen SK"]
[BlackTeam "Regensburg SC Bavaria"]
[WhiteTeamCountry "GER"]
[BlackTeamCountry "GER"]

1. e4 b6 2. d4 Bb7 3. Nc3 e6 4. a3 Nf6 5. Bd3 c5 6. Nf3 cxd4 7. Nxd4 Bc5 8. Be3
h6 9. O-O Nc6 10. Nxc6 Bxc6 11. Bxc5 bxc5 12. e5 Nd5 13. Nxd5 Bxd5 14. c4 Bc6
15. f4 O-O 16. Bc2 Rb8 17. b3 f5 18. Qd2 a5 19. Rab1 Qb6 20. Kh1 Rb7 21. Rfe1
Rfb8 22. Re3 Qd8 23. Rd1 Ra8 24. a4 Qe7 25. Rg3 Rbb8 26. Qc1 Rc8 27. Rd6 Ra6
28. Qd2 Rca8 29. Qf2 Rc8 30. Qd2 Ra7 31. Bd1 Rb8 32. Qc3 Rb4 33. Qe3 Rc7 34.
Kg1 Be4 35. Ra6 Bb7 36. Rxa5 d6 37. exd6 Qxd6 38. Be2 Ba6 39. Rg6 Rb6 40. h3
Kh7 41. Bh5 Rbc6 42. Qe5 Qxe5 43. fxe5 Rc8 44. Rg3 Rd8 45. Re3 Rb8 46. Rd3 Rcb6
47. Bd1 Rc6 48. Kf2 Kg8 49. Rd6 Rbb6 50. Rxc6 Rxc6 51. Ke3 Kf7 52. Kd3 Ke7 53.
Kc3 Bc8 54. Ra7+ Bd7 55. Bf3 Rc8 56. a5 Kd8 57. a6 Rb8 58. Rxd7+ Kxd7 59. a7
Rc8 60. a8=Q Rxa8 61. Bxa8 Kc7 62. b4 Kb6 63. bxc5+ Kxc5 64. Bb7 Kb6 65. Bc8
Kc7 66. Bxe6 f4 67. Kd4 1-0

[Event "FBL S"]
[Site "?"]
[Date "2019.01.13"]
[Round "7.6"]
[White "Buchholz, Maja"]
[Black "Schilay, Eva"]
[Result "1-0"]
[WhiteElo "1507"]
[BlackElo "1642"]
[PlyCount "83"]
[EventDate "2018.10.27"]
[EventType "team-tourn"]
[EventCountry "GER"]
[WhiteTeam "Langen SK"]
[BlackTeam "Regensburg SC Bavaria"]
[WhiteTeamCountry "GER"]
[BlackTeamCountry "GER"]

1. c4 e5 2. Nc3 Nc6 3. g3 g6 4. Bg2 Bg7 5. d3 d6 6. Nf3 f5 7. Qc2 Nf6 8. a3 Be6
9. b4 Rb8 10. Rb1 O-O 11. O-O Nh5 12. a4 h6 13. b5 Ne7 14. a5 f4 15. Qa4 Qc8
16. Re1 Bh3 17. Bh1 Qg4 18. Ne4 Nf5 19. Nxe5 Bxe5 20. Bf3 fxg3 21. hxg3 Qxe4
22. Bxe4 Nfxg3 23. Bd5+ Kh7 24. Qc2 Rf6 25. Bb2 Rbf8 26. fxg3 Nxg3 27. Bxe5
dxe5 28. Qc3 Rf5 29. d4 e4 30. Qb4 h5 31. Qe7+ Kh6 32. Qxc7 h4 33. Be6 Rg5 34.
Bxh3 Nxe2+ 35. Kh1 Ng3+ 36. Kh2 Rf2+ 37. Bg2 Nf1+ 38. Rxf1 Rgxg2+ 39. Kh1 e3
40. Rxf2 Rxf2 41. Re1 e2 42. Kg1 1-0

[Event "FBL S"]
[Site "?"]
[Date "2019.01.13"]
[Round "7.1"]
[White "Zimmer, Elke"]
[Black "Li, Zhuoling"]
[Result "0-1"]
[WhiteElo "1936"]
[BlackElo "2076"]
[PlyCount "64"]
[EventDate "2018.10.27"]
[EventType "team-tourn"]
[EventCountry "GER"]
[WhiteTeam "Wadgassen SF"]
[BlackTeam "Stuttgart SV Wolfbusch"]
[WhiteTeamCountry "GER"]
[BlackTeamCountry "GER"]

1. e4 c5 2. Nc3 Nc6 3. f4 g6 4. Nf3 Bg7 5. Bc4 a6 6. a4 d6 7. h3 e6 8. O-O Nge7
9. Re1 O-O 10. Bf1 d5 11. d3 Nd4 12. Nxd4 Bxd4+ 13. Kh1 Bg7 14. Qf3 d4 15. Ne2
Bd7 16. Rd1 Bc6 17. Ng3 f5 18. Qe2 e5 19. Kg1 exf4 20. Bxf4 fxe4 21. Bg5 e3 22.
Ne4 h6 23. Bh4 g5 24. Bg3 Nf5 25. Bh2 Qe7 26. g4 Bxe4 27. dxe4 Nh4 28. Qc4+ Kh8
29. Bg3 Nf3+ 30. Kh1 Be5 31. Be1 Bc7 32. Qe2 Nxe1 0-1